| Tag |
First Indicator |
Second Indicator |
Subfields |
| LEADER |
00000cam a2200000 4500 |
| 001 |
in00000022880 |
| 005 |
20151007064159.0 |
| 008 |
721229s1902 nyu b 00010 ger u |
| 010 |
|
|
|a 03002056
|
| 035 |
|
|
|a (OCoLC)00526241
|
| 035 |
|
|
|9 AAD9244AM
|
| 040 |
|
|
|c HUC
|d TXA
|d UtOrBLW
|
| 049 |
|
|
|a TXAM
|c [3311]
|
| 050 |
0 |
0 |
|a PT2611.U72
|b T3 1902
|
| 092 |
|
|
|a 832
|b F962t
|
| 100 |
1 |
|
|a Fulda, Ludwig,
|d 1862-1939.
|
| 245 |
1 |
4 |
|a Der talisman ;
|b dramatisches marchen in vier aufzugen /
|c (mit teilweiser benutzung eines alten fabelstoffes) von Ludwig Fulda; ed., with introduction and notes, by Edward Stockton Meyer.
|
| 264 |
|
1 |
|a New York :
|b H. Holt,
|c 1902.
|
| 300 |
|
|
|a xli, 170 pages, 1 leaf ;
|c 17 cm.
|
| 336 |
|
|
|a text
|b txt
|2 rdacontent
|
| 337 |
|
|
|a unmediated
|b n
|2 rdamedia
|
| 338 |
|
|
|a volume
|b nc
|2 rdacarrier
|
| 504 |
|
|
|a "Fulda's works": pages xl-xli.
|
| 700 |
1 |
|
|a Meyer, Edward Stockton,
|d 1872-
|
| 999 |
|
|
|a MARS
|
| 999 |
f |
f |
|s 8ef902c4-238d-3b12-ab86-6e57fd4ace93
|i 9f385ba1-6149-39b5-aa71-51b01a0fa604
|t 0
|
| 952 |
f |
f |
|p ric
|a Texas A&M University
|b Rellis Campus
|c Joint Library Facility
|d Remote Storage
|t 0
|e PT2611.U72 T3 1902
|h Library of Congress classification
|i unmediated -- volume
|m A14801352499
|
| 998 |
f |
f |
|a PT2611.U72 T3 1902
|t 0
|l Remote Storage
|